Modern India (Record no. 4902)

MARC details
000 -LEADER
fixed length control field 00427cam a2200181ua 4500
008 - FIXED-LENGTH DATA ELEMENTS--GENERAL INFORMATION
fixed length control field 131009n ii |||gr||||Z||||||eng
040 ## - CATALOGING SOURCE
Transcribing agency MAIN
082 ## - DEWEY DECIMAL CLASSIFICATION NUMBER
Classification number 954
100 1# - MAIN ENTRY--PERSONAL NAME
Personal name Khurana,K.L,
Relator term
245 11 - TITLE STATEMENT
Title Modern India
Statement of responsibility, etc. by K.L.Khurana
250 ## - EDITION STATEMENT
Edition statement 3rd ed.
260 ## - PUBLICATION, DISTRIBUTION, ETC.
Place of publication, distribution, etc. Agra:
Name of publisher, distributor, etc. Laxmi Narain Agarwal,
Date of publication, distribution, etc. 1997-98.
300 ## - PHYSICAL DESCRIPTION
Extent 344p.
942 ## - ADDED ENTRY ELEMENTS (KOHA)
Koha item type Books
653 ## - INDEX TERM--UNCONTROLLED
Uncontrolled term South Asia India
653 ## - INDEX TERM--UNCONTROLLED
Uncontrolled term Modern India
Holdings
Withdrawn status Lost status Damaged status Not for loan Home library Current library Shelving location Date acquired Total Checkouts Full call number Barcode Date last seen Date last checked out Copy number Price effective from Koha item type
        Central Library, Naharkatiya College Central Library, Naharkatiya College General Stacks 19/09/2020 9 954 | KHU 3858 11/03/2022 15/02/2022 1 19/09/2020 Books

Naharkatiya College © 2020. All rights reserved.

Powered By